|
|
|
|
| LEADER |
00000cam a2200000 4500 |
| 001 |
vtls012017717 |
| 003 |
SK-MaSNL |
| 005 |
20260301230712.0 |
| 008 |
210312s2021 xo gr 000 0 slo |
| 015 |
|
|
|a SNBA2023/03
|
| 020 |
|
|
|a 9788082150219
|q (brožované)
|
| 040 |
|
|
|a SNK
|b slo
|c SNK
|e rda
|
| 041 |
0 |
|
|a slo
|
| 044 |
|
|
|a xo
|c SK
|
| 072 |
|
7 |
|a 27-5
|x Liturgia. Kresťanské umenie a symbolika. Duchovný život
|2 konspekt
|
| 080 |
|
|
|a 27-475.5
|2 2011
|
| 080 |
|
|
|a 27-4
|2 2011
|
| 080 |
|
|
|a 272-184.3
|2 2011
|
| 080 |
|
|
|a 27-562/-565
|2 2011
|
| 080 |
|
|
|a 27-565.54
|2 2001
|
| 080 |
|
|
|a (0:82-5)
|2 2011
|
| 100 |
1 |
|
|a Dlugoš, František,
|d 1955-
|4 aut
|9 86634
|
| 245 |
1 |
0 |
|a Nedeľné pokľaknutie posilňuje vieru a nádej
|c František Dlugoš ; úvod a doslov Jozef Lapšanský
|
| 264 |
|
1 |
|a Levoča
|b MTM
|c 2021
|
| 300 |
|
|
|a 111 strán
|c 21 cm
|
| 336 |
|
|
|a text
|b txt
|2 rdacontent
|
| 337 |
|
|
|a bez média
|b n
|2 rdamedia
|
| 338 |
|
|
|a zväzok
|b nc
|2 rdacarrier
|
| 600 |
0 |
7 |
|a Mária,
|c matka Ježišova, svätá
|2 SNKMA
|9 157751
|
| 600 |
0 |
7 |
|a Ježiš Kristus
|2 SNKMA
|
| 650 |
0 |
7 |
|a kázne
|2 SNKPH
|9 1954
|
| 650 |
0 |
7 |
|a kresťanský život
|2 SNKPH
|9 1808
|
| 650 |
0 |
7 |
|a katolícka viera
|2 SNKPH
|9 4023
|
| 650 |
0 |
7 |
|a kresťanské sviatky
|2 SNKPH
|9 68007
|
| 650 |
0 |
7 |
|a Sermons
|2 SNKPHeng
|9 274771
|
| 650 |
0 |
7 |
|a Christian life
|2 SNKPHeng
|9 265582
|
| 650 |
0 |
7 |
|a Catholic faith
|2 SNKPHeng
|9 267817
|
| 650 |
0 |
7 |
|a Christian feasts
|2 SNKPHeng
|9 323787
|
| 650 |
0 |
7 |
|a Veľká noc
|2 SNKPH
|9 3414
|
| 650 |
0 |
7 |
|a Easter
|2 SNKPHeng
|9 304888
|
| 655 |
|
7 |
|a kázne
|2 SNKPH
|9 70516
|
| 655 |
|
7 |
|a Sermons
|2 SNKPHeng
|9 306073
|
| 700 |
1 |
|
|a Lapšanský, Jozef,
|d 1958-
|4 aui
|4 aft
|9 113973
|
| 919 |
|
|
|a 978-80-8215-021-9
|
| 954 |
|
|
|a duchovná literatúra pôvodná (slovenská)
|2 lita
|
| 958 |
|
|
|a NT
|
| 999 |
|
|
|c 955766
|d 957696
|
| 952 |
|
|
|a SNK
|b SNK
|y PREZ
|7 0
|p 17A1454970
|o snkSC 193028
|i snk2021/7185
|8 0
|0 0
|1 0
|4 0
|d 2021-06-16
|f 1
|l 0
|r 2025-10-09 00:00:00
|w 2026-02-24
|
| 952 |
|
|
|a SNK
|b SNK
|y VYP
|7 0
|p 17A1454971
|o snkSC 193028 D1
|i snk2021/7186
|8 0
|0 0
|1 0
|4 0
|d 2021-06-16
|l 0
|r 2026-02-24 10:02:24
|w 2026-02-24
|